| 000 | 00874nam a22002297a 4500 | ||
|---|---|---|---|
| 999 |
_c21189 _d21189 |
||
| 003 | AR-CdUCM | ||
| 008 | 190305b ||||| |||| 00| 0 spa d | ||
| 040 |
_aMUNICIPALIDAD PROVINCIAL DEL CUSCO _cBIBLIOTECA MUNICIPAL DEL CUSCO |
||
| 082 |
_a373.4 / C27D _bC27D |
||
| 100 |
_aCari Mamani, Hernan M. _99733 |
||
| 245 | _aDiseño de proyecto de investigación educativa / | ||
| 260 |
_aCusco : _bPC+Red, _c2017. |
||
| 300 |
_a197 paginas ; _c20 cm. |
||
| 505 | _aContenido: Proyecto de investigación educativa -- Planteamiento del problema de investigación -- Marco teórico conceptual ... | ||
| 650 |
_aMétodo científico _99734 |
||
| 650 |
_aMetodología de la investigación _95165 |
||
| 650 |
_aInvestigación científica _99735 |
||
| 650 |
_aInvestigación educativa _99736 |
||
| 650 |
_aInvestigación pedagógica _944277 |
||
| 942 |
_2ddc _cLIBROS |
||
| 945 | _aRoel | ||